000 00703nam a2200241 4500
003 OSt
005 20260530115313.0
008 260521b2000 |||ao||| |||| 00| 0 eng d
040 _aICI
_bspa
_cICI
050 _aNK2110
_bI58
100 1 _aAlexa Mullvihill
_933216
245 1 0 _aInterior Design:
_bNECON Corporate Structures
264 1 _bReed Elsevier Inc
_c2000
300 _a350 páginas
336 _atexto
_2rdacontent
337 _asin medio
_2rdamedia
338 _avolumen
_2rdacarrier
650 _aDiseño de interiores
_xOficinas
_933217
650 _aArquitectura corporativa
_933218
650 _aEspacios de trabajo
_xDiseño
_933219
650 _aDiseño comercial
942 _2lcc
_cBK
_n1
999 _c13478
_d13478